Kids Creative Art-2 (Record no. 4979)

MARC details
000 -LEADER
fixed length control field 00202nam a22000857a 4500
008 - FIXED-LENGTH DATA ELEMENTS--GENERAL INFORMATION
fixed length control field 161217b xxu||||| |||| 00| 0 eng d
100 ## - MAIN ENTRY--PERSONAL NAME
9 (RLIN) 2096
Personal name Kaur.K.
245 ## - TITLE STATEMENT
Title Kids Creative Art-2
260 ## - PUBLICATION, DISTRIBUTION, ETC. (IMPRINT)
Name of publisher, distributor, etc. Cordava
Date of publication, distribution, etc. 2009
Holdings
Withdrawn status Lost status Source of classification or shelving scheme Damaged status Koha normalized classification for sorting Not for loan Home library Current library Shelving location Date acquired Total Checkouts Full call number Barcode Date last seen Price effective from Koha item type
    Dewey Decimal Classification   700_000000000000000   Good Samaritan School Library Good Samaritan School Library ART & CRAFT 12/17/2016   700 KAU9143 12/17/2016 12/17/2016 BOOK

Powered by Koha